Guess the song from Jala Brat and Buba Corelli by text #5 - Statistics

General Stats
  • This quiz has been taken 29 times
  • The average score is 9 of 32
Answer Stats
Text Song % Correct
Keš kolica, nesanica, slavna lica s naslovnica Nema ništa od smicalica, jer je pljuca ispod sica.... Japan
96%
Verzija najgora tvoja zove u pola pet A kontrola kô da mi ne da odavde.... Bez Koda
75%
Napucan, za pasom gun, na sebe se ježim sav Puna kesa, treći stan, ne znam gdje sam, jebiga.... 7ice
67%
Zelenooka, zbog tebe svaka ide na skip Bez svjedoka vodaš me, blizu pakla sam, RIP.... Hollywood
63%
Kupim ti Louis V, al' ni to ne valja Svi su te ljubili, al' niko ti ne valja.... Cataleya
54%
Skinut' ću ti šminku, neću pitat' što si tu Kad ti glavu gurnem u jastuk uz moju muziku.... LMTD
46%
Ta mala u hotel poslije doće, samo hoće da se druži Hoće vući i hoće pušit', u đavolji krug će ući.... Munja
46%
Shawty vozi me kô Benz, ja volim terence Mala zavela je trend i bez konkurencije.... Vajbuje
46%
Kasno je za izvini, al' sad sam tu Na pola je koplja zastava.... Aritmije
42%
Ne znam šta je ljubav, svjesna, nema kuda Moja glava luda, samo misli na tebe.... Ona Nije Ja - Remix
38%
Strašno me pališ kad u usta staviš glavićBališ glavić, šta se žališ.... Nevina
33%
Murija me traži, a ja nikad nisam tuA nju loži ovaj rari u garaži, lambo što je stao tu.... Shake It
33%
Daj mi samo pet minuta, mala hoću da ti radim par stvariNe smeta mi kad si ljuta, naprotiv, pa to me samo pali.... Ekstenzije
29%
Lanac je VVS, dijamant crn, poneki rubin da sjeti na krv Pamtimo borbu, isto kô glad, beremo ruže, ne vadimo trn.... Randevu
29%
Ne mogu nas pratit, bebo, skinuli smo GPS Reperi su fake, lažni satovi i VVS.... Gori More
25%
Moje oči samo vide nju,Pokvarila si me da druge žene hvatam sam.... Ne Volim Da Spavam Sam
25%
Pu-pu-puno Ice-a, mogla bi da se smrzne Jednu lizne, drugu trzne, džaba mrze, pare su brze.... Coco 2.0
21%
Čujem dušmani govore "Cora omekšô" Samo sam čekô da kažeš nešto pogrešno.... Da mi je
21%
Ski maske, Nocci logo, njene oči Kongo Srce mi gazi nogom, to samo znam o njoj.... Go Go
21%
Bi li na trenutak stala? Hoću samo da ti pipnem guzReci zašto bježiš, ja ti neću ništa.... Izvini Mala
17%
Htjela bi bolje, al' odbija sve Htjela bi bolje, al' džaba – ne da je Balkan.... LaLaLa
13%
Kako te trebam, sada više nego ikadaAko je jedan život, zašto svi dani bole.... Slike
13%
Pada još jedna noć nad mojim gradom Mahalom našom hodamo sa bandom.... Dans La Tess
8%
Gledam u nebo, jer znam da čuva me Bog I noću kad rolam bengom ja vidim toliko tog.... Dejan Matic
8%
Uplatite mi keš na račun žiro Po Kibinom beatu sam masturbir'o.... Digni Bass
8%
Gori moj dom, gledam pepeo i ognjište Nosi moj bol, uvijek si bila moje sklonište.... Extazy
8%
I dok pravim pare ghetto zove Moju braću iza brave ghetto zove.... 21
4%
Tri boda u gostima uzmem k'o Dresden Dynamo,Mi načine ne biramo, tu smo da igru igramo.... Alarm Pali
4%
Spora vožnja kroz grad, ona drži mi volan dok ja rolam blunt Gram na gram, keš na dva, nemam vremena da odmaram.... Geto Dijete
4%
Za mnom nema više ko suze ronit' Jer ja nemam vise koga da volim.... Ronin
4%
Hodamo cestom, p'jani jesmo jer smo debili Klizim po beatu ko prsti po rizli.... Tu Negdje
4%
Nemoj ba kroz moj hood ti kružit Izbušit ću te jer za to uzi služi.... Lijepa Pjesma
0%
No matching quizzes found
Score Distribution
Percent of People with Each Score
Percentile by Number Answered
Your Score History
You have not taken this quiz